Pineapple (Record no. 41789)

MARC details
000 -LEADER
fixed length control field 00301nam a2200121Ia 4500
082 ## - DEWEY DECIMAL CLASSIFICATION NUMBER
Classification number 634.774
Item number CHA
100 ## - MAIN ENTRY--AUTHOR NAME
Personal name Chandha, K L
245 #0 - TITLE STATEMENT
Title Pineapple
260 ## - PUBLICATION, DISTRIBUTION, ETC. (IMPRINT)
Place of publication New Delhi
Name of publisher Indian Council of Agricultural Research
Year of publication 19
490 ## - SERIES STATEMENT
Series statement 98
942 ## - ADDED ENTRY ELEMENTS (KOHA)
Koha item type Books
Holdings
Withdrawn status Lost status Damaged status Not for loan Home library Current library Date acquired Cost, normal purchase price Full call number Accession Number Koha item type
        RRII Library RRII Library 16/12/2021 40.00 634.774 CHA 22075 Books